| 000 | 03215nam a22002177a 4500 | ||
|---|---|---|---|
| 999 |
_c9994 _d9994 |
||
| 003 | AR-CdUCM | ||
| 008 | 190329b ||||| |||| 00| 0 spa d | ||
| 020 | _a84-85009-01-0 | ||
| 040 |
_aMUNICIPALIDAD PROVINCIAL DEL CUSCO _cBIBLIOTECA MUNICIPAL DEL CUSCO |
||
| 082 |
_aES / 036 / _bN89 |
||
| 110 |
_aInstituto Gallach. _926576 |
||
| 245 | _aEl nuevo tesoro de la juventud / | ||
| 260 |
_aEspaña : _bÉxito, _c1982. |
||
| 300 |
_a16 tomos ; _c25 cm. |
||
| 440 |
_aEnciclopedia de conocimientos. _926577 |
||
| 505 | _aContenido :t.1. El libro de los por que -- Hechos heroicos -- El libro de la ciencia -- Los países y sus costumbres -- Dos grandes reinos de la naturaleza -- t.2. Numancia -- La gravedad y el equilibrio -- Los primeros tiempos de Francia -- Las familias de las plantas -- Como desenterramos la luz solar -- t.3. Animales que no son útiles -- Historia de la economía en la U.R.S.S. -- De donde procede el azúcar -- Los revolucionarios franceses -- El calor en la vida -- t.4. La liberación de Grocio -- Países de Europa central -- Como vivía el hombre primitivo -- El pobrecito de Asís -- Los descubridores de las regiones polares -- t.5. Polonia y su pueblo -- Animales que nos visten y alimentan -- Los grandes médicos del mundo -- Donde esta realmente la vida -- Cantar de Roldan -- t.6. Tres gases importantes -- La segunda guerra mundial -- Mariposas diurnas y nocturnas -- Los emperadores de Roma -- Los glóbulos rojos de la sangre -- t.7. La atmósfera que nos rodea -- Peces de agua dulce -- Las artes en el periodo perromano -- Historia del te y su cultivo -- El corazón, motor viviente -- t.8. El libertador de esclavos -- Las islas del Caribe -- La piel y sus funciones -- El sol y la vida de la tierra -- Los animales y sus crías -- t.9. Colombia y Ecuador -- Las extrañas guaridas de los animales -- Nacimiento del arte cristiano y bizantino -- Los inventos del telégrafo y del teléfono -- La boca y los dientes -- t.10. El sacrificio de María Antonieta -- La república portugués -- Las artes en oriente -- como se construye un faro -- El mago de las plantas -- t.11. Geografía e historia de Italia -- Aves de hermoso plumaje -- La exploración submarina -- Varones ilustres de la religión -- Nuestros músculos y los órganos que los rigen -- t.12. Un gran amigo de la visión: Los lentes -- La república del Perú -- Algunos insectos dañinos -- El apóstol de la independencia cubana -- t.13. El árabe patriota de Argelia -- La república de Chile -- Historia del reloj -- La elaboración del plan -- El café y la yerba mate -- t.14. El hombre con la muerte en las manos -- Los secretos de la electricidad -- La india y los países fronterizos -- El gran orden de las serpientes -- Algunos grandes escritores modernos -- t.17. El enigma de los rayos cósmicos -- La historia de las plantas -- La música del siglo x al xvlll -- El olfato y el gusto -- Himnos nacionales americanos -- t.18. La televisión -- Flores de jardín -- Hermanos de sangre -- El hombre que enseño a leer a los ciegos -- Instrumentos de los astronautas ... | ||
| 650 |
_aSecundaria completa _926578 |
||
| 650 |
_aEducación secundaria _94648 |
||
| 942 |
_2ddc _cLIBROS |
||
| 945 | _arum | ||